ՀՀ Գիտությունների ազգային ակադեմիայի հիմնարար գիտական գրադարան  =   Fundamental Scientific Library of NAS RA

Вступление Советского Союза в период развернутого строительства коммунизма и переход от социалистической экономики к коммунистической : (Record no. 523440)

MARC details
000 -LEADER
fixed length control field 01029nam a22002177a 4500
003 - CONTROL NUMBER IDENTIFIER
control field AM-YEHGA
005 - DATE AND TIME OF LATEST TRANSACTION
control field 20250617164422.0
008 - FIXED-LENGTH DATA ELEMENTS--GENERAL INFORMATION
fixed length control field 220201b ||||| |||| 00| 0 rus d
040 ## - CATALOGING SOURCE
Original cataloging agency AM-YeHGA
041 0# - LANGUAGE CODE
Language code of text/sound track or separate title rus
001 - CONTROL NUMBER
control field 1816066
090 ## - LOCALLY ASSIGNED LC-TYPE CALL NUMBER (OCLC); LOCAL CALL NUMBER (RLIN)
-- 529752
100 1# - MAIN ENTRY--PERSONAL NAME
Personal name Гусев, Владимир Михайлович.
245 10 - TITLE STATEMENT
Title Вступление Советского Союза в период развернутого строительства коммунизма и переход от социалистической экономики к коммунистической :
Remainder of title Лекция /
Statement of responsibility, etc. В. М. Гусев, В. И. Романов ; Высш. школа МООП РСФСР.
260 ## - PUBLICATION, DISTRIBUTION, ETC.
Place of publication, distribution, etc. Москва :
Name of publisher, distributor, etc. Б. и.,
Date of publication, distribution, etc. 1962.
300 ## - PHYSICAL DESCRIPTION
Extent 44 с.
653 0# - INDEX TERM--UNCONTROLLED
Uncontrolled term Переход от социализма к коммунизму
653 0# - INDEX TERM--UNCONTROLLED
Uncontrolled term Материально-техническая база коммунизма
700 1# - ADDED ENTRY--PERSONAL NAME
Personal name Романов, Виктор Иванович
942 ## - ADDED ENTRY ELEMENTS (KOHA)
Source of classification or shelving scheme Universal Decimal Classification
Koha item type Գրքեր / Books
Holdings
Withdrawn status Lost status Damaged status Not for loan Collection Home library Current library Date acquired Total checkouts Full call number Barcode Date last seen Price effective from Koha item type Public note
        General Fundamental Scientific Library Fundamental Scientific Library 01/02/2022   РII/70285 FL0673049 01/02/2022 01/02/2022 Գրքեր / Books 30 Days Loan


ՀՀ ԳԱԱ հիմնարար գիտական գրադարան
ՀՀ,Երևան 0019
Մարշալ Բաղրամյան 24/6
հեռախոս:(374-10) 52-47-50
Հետադարձ կապ

All site content, except where otherwise noted, is licensed under a
Creative Commons License